banner-ar

ادارة التغير : (Record no. 59804)

MARC details
000 -الفاتح
حقل البيانات ثابتة الطول 00881nam a22002177a 4500
005 - وقت وتاريخ اخر تعامل مع التسجيلة
رقم الضبط 20240530110337.0
008 - عناصر البيانات ثابتة الطول - معلومات عامة
حقل البيانات ثابتة الطول 141019s2011 ua j gr 000 0 ara d
017 ## - رقم الايداع القانونى
رقم الايداع القانونى 11062/2010
المصدر ( الهيئة المختصة) مصر . دار الكتب
020 ## - الرقم الدولى المعيارى للكتب
الرقم الدولى المعيارى للكتاب 9789773287212
040 ## - مصدر الفهرسة
وكالة الفهرسة الأصلية EG-CaGPL
082 04 - رقم تصنيف ديوى العشرى
رقم الطبعة 21
رقم التصنيف 658.406
رقم المادة أ أ
100 0# - المدخل الرئيسى - إسم شخصى
الإسم الشخصى ابراهيم بن عبدالله بن عبدالرحمن الزعيبر
245 1# - بيان العنوان
العنوان ادارة التغير :
بقية العنوان الاسس والمنطلقات الفكرية /
بيان المسئوليه,etc ابراهيم بن عبدالله بن عبدالرحمن الزعيبر
260 ## - PUBLICATION, DISTRIBUTION, ETC. (IMPRINT)
تاريخ النشر أو التوزيع 2011
300 ## - الوصف المادى
التعداد 266 ص :
تفاصيل ماديه اخرى للوعاء جداول ؛
أبعاد الوعاء 24 سم
650 04 - المدخل الاضافى بالموضوع-مصطلح موضوعى
مصطلح موضوعي الادارة
التقسيم الفرعي العام تقييم
650 04 - المدخل الاضافى بالموضوع-مصطلح موضوعى
مصطلح موضوعي الادارة
التقسيم الفرعي العام تحليل
650 04 - المدخل الاضافى بالموضوع-مصطلح موضوعى
مصطلح موضوعي الادارة
التقسيم الفرعي العام تغيير
942 ## - عناصر المدخل الإضافي( كوها)
مصدر التصنيف او مخطط الترفيف Dewey Decimal Classification
Koha [default] item type كتاب
260 ## - PUBLICATION, DISTRIBUTION, ETC. (IMPRINT)
-- الاسكندرية :
-- دار الجامعة الجديدة ،
Holdings
حالة التراجع حالة الفقد حالة تلف ليس للاعارة المكان المؤقت الموقع الحالى تاريخ الاكتساب اجمالي اﻻعارات رقم الطلب الباركود تاريخ اخر مشاهدة تاريخ تفعيل السعر نوع وعاء كوها
        مكتبة القاهرة الكبرى مكتبة القاهرة الكبرى 10/19/2014   658.406 أ أ 158748 10/19/2014 10/19/2014 كتاب

Powered By

EGPV